Robbins Basic Pathology (Record no. 5283)

MARC details
000 -LEADER
fixed length control field 00581nam a22002177a 4500
003 - CONTROL NUMBER IDENTIFIER
control field OSt
005 - DATE AND TIME OF LATEST TRANSACTION
control field 20230405165511.0
008 - FIXED-LENGTH DATA ELEMENTS--GENERAL INFORMATION
fixed length control field 140717b xxu||||| |||| 00| 0 eng d
020 ## - INTERNATIONAL STANDARD BOOK NUMBER
International Standard Book Number 1416025340
020 ## - INTERNATIONAL STANDARD BOOK NUMBER
International Standard Book Number 9780808924326
040 ## - CATALOGING SOURCE
Transcribing agency DNLM.
082 ## - DEWEY DECIMAL CLASSIFICATION NUMBER
Classification number QZ 4 K96r 2013
100 ## - MAIN ENTRY--PERSONAL NAME
Personal name Kumar, Vinay; Contran, Ramzi S.; Robbins, Stanley L.
9 (RLIN) 677
245 ## - TITLE STATEMENT
Title Robbins Basic Pathology
250 ## - EDITION STATEMENT
Edition statement 9th.ed.
260 ## - PUBLICATION, DISTRIBUTION, ETC. (IMPRINT)
Place of publication, distribution, etc. Pennsylvania;
Name of publisher, distributor, etc. Saunders,
Date of publication, distribution, etc. 2013
300 ## - PHYSICAL DESCRIPTION
Extent xii, 910 p ;
Other physical details col.ill :
Dimensions 26cm .
504 ## - BIBLIOGRAPHY, ETC. NOTE
Bibliography, etc includes index
650 ## - SUBJECT ADDED ENTRY--TOPICAL TERM
Topical term or geographic name as entry element Pathology
9 (RLIN) 37
942 ## - ADDED ENTRY ELEMENTS (KOHA)
Source of classification or shelving scheme Other/Generic Classification Scheme
Koha item type Book Bank
Holdings
Withdrawn status Lost status Source of classification or shelving scheme Damaged status Not for loan Home library Current library Date acquired Source of acquisition Inventory number Total Checkouts Full call number Barcode Date last seen Date last checked out Koha item type
    Other/Generic Classification Scheme     MUST Main Library MUST Main Library 26/09/2016   14/37872 7 QZ 4 K96r 2013 2016-4508 06/02/2023 04/03/2020 Book Bank